LEADER 01374nam0 2200385 450 001 990000930460203316 010 $a88-14-06393-1 035 $a0093046 035 $aUSA010093046 035 $a(ALEPH)000093046USA01 035 $a0093046 100 $a20020131d1997----km-y0ITAy01------ba 101 $aita 102 $aIT 105 $a00||| 200 1 $a<> società di comodo$eLegge 23 dicembre 1996, n. 662$edeterminazione del reddito minimo, riporto delle perdite, assegnazione dei beni a seguito di liquidazione agevolata, riserve o fondi in sospensione d'imposta: tassazione sostitutiva, esemplificazioni contabili e fiscali$fCarlo Oneto 205 $a2. ed 210 $aMilano$cGiuffrè$d[1997] 215 $aVI, 200, 16 p.$d24 cm 225 2 $aCosa & come.$iTributi 300 $aSegue: Allegati, Note dell'autore alla circolare ministeriale 300 $aSul dorso: 1997 410 0$12001$aCosa & come.$iTributi 606 $aSocietà di comodo$xTributi$xLegislazione 676 $a343.45067 700 1$aONETO,$bCarlo$021540 801 0$aIT$bsalbc$gISBD 912 $a990000930460203316 959 $aBK 979 $aPATTY$b90$c20020131$lUSA01$h1025 979 $aPATTY$b90$c20020131$lUSA01$h1026 979 $c20020403$lUSA01$h1736 979 $aPATRY$b90$c20040406$lUSA01$h1704 996 $aSocietà di comodo$9207103 997 $aUNISA LEADER 01713nam0 22003613i 450 001 VAN0241817 005 20220729012543.555 017 70$2N$a9783319211947 100 $a20220302d2015 |0itac50 ba 101 $aeng 102 $aCH 105 $a|||| ||||| 200 1 $aNanopackaging: From Nanomaterials to the Atomic Scale$eProceedings of the 1st International Workshop on Nanopackaging, Grenoble 27-28 June 2013$feditors Xavier Baillin, Christian Joachim, Gilles Poupon 210 $aCham$cSpringer$d2015 215 $aVIII, 189 p.$cill.$d24 cm 410 1$1001VAN0123942$12001 $aAdvances in Atom and Single Molecule Machines$1210 $aCham$cSpringer$d2012- 620 $aCH$dCham$3VANL001889 676 $a540$cChimica generale$v22 676 $a571.4$cBiofisica$v22 676 $a620.5$cNanotecnologia$v22 676 $a610.153$cFisica medica$v22 702 1$aBaillin$bXavier$3VANV197885 702 1$aJoachim$bChristian$3VANV095407 702 1$aPoupon$bGilles$3VANV197886 712 $aSpringer $3VANV108073$4650 801 $aIT$bSOL$c20240614$gRICA 856 4 $uhttps://rd.springer.com/book/10.1007/978-3-319-21194-7$zE-book - Accesso al full-text attraverso riconoscimento IP di Ateneo, proxy e/o Shibboleth 899 $aBIBLIOTECA DEL DIPARTIMENTO DI SCIENZE E TECNOLOGIE AMBIENTALI BIOLOGICHE E FARMACEUTICHE$1IT-CE0101$2VAN17 912 $fN 912 $aVAN0241817 950 $aBIBLIOTECA DEL DIPARTIMENTO DI SCIENZE E TECNOLOGIE AMBIENTALI BIOLOGICHE E FARMACEUTICHE$d17CONS e-book 2219 $e17BIB2219/53 53 20220302 996 $aNanopackaging: From Nanomaterials to the Atomic Scale$92276639 997 $aUNICAMPANIA